Music Quiz

Random Music or Rock Quiz
Score 0/13 Timer 17:00
0 Plays Today
Time Answer % Correct
00:30 - 01:00Bon Jovi - Livin' On A Prayer
92%
01:00 - 01:30Frank Sinatra - New York
84.9%
02:30 - 03:00Silent Night
84.1%
06:00 - 06:30Queen - We Are The Champions
80.4%
05:00 - 05:30The Wizard of Oz - Somewhere Over The Rainbow
79.4%
05:30 - 06:00John Denver - Take Me Home, Country Roads
73.9%
03:00 - 03:30Frank Sinatra - Love and the Marriage
66.1%
04:30 - 05:00Louis Armstrong - What A Wonderful World
64.5%
02:00 - 02:30Tetris Theme
55.7%
03:30 - 04:00The Platters - Only You
38%
01:30 - 02:00Ennio Morricone -The Ecstasy of Gold
32.8%
04:00 - 04:30UEFA Champions League Anthem
24.6%
00:00 - 00:30Ennio Morricone - Once Upon a Time in the West
11.1%
Remove Ads.
Support Sporcle.
Get the best of Sporcle when you Go Orange. This ad-free experience offers more features, more stats, and more fun while also helping to support Sporcle. Thank you for becoming a member.

You're not logged in!

Compare scores with friends on all Sporcle quizzes.
OR
Log In

Show Comments

Extras

Top Quizzes Today


Score Distribution

Your Account Isn't Verified!

In order to create a playlist on Sporcle, you need to verify the email address you used during registration. Go to your Sporcle Settings to finish the process.

Report this User

Report this user for behavior that violates our Community Guidelines.

Details: